Modo de vida y deuda ecológica /

Sin resumen

Sparad:
Bibliografiska uppgifter
Huvudupphovsman: Brenes Castro, Abelardo
Materialtyp: Text
Ämnen:
Taggar: Lägg till en tagg
Inga taggar, Lägg till första taggen!

MARC

LEADER 00000 a a2200000 04500
001 23
003
040
100 |a Brenes Castro, Abelardo  
245 |a Modo de vida y deuda ecológica /  |c Abelardo Brenes Castro 
520 |a Sin resumen  
650 |a CRISIS DE LA EDUCACION  
650 |a EDUCACION  
650 |a ECOLOGIA  
773 |g número 13 -14; páginas 117-121  
999 |c 34819  |d 34819 
773 0 |0 18806  |9 2087  |a Universidad Nacional de Costa Rica  |d Heredia: C.R.: EUNA  |o 02253  |t ABRA  |x 14093928